[Event "euyr2018"]
[Site "?"]
[Date "2018.05.26"]
[Round "5.1"]
[White "Sahidi, Samir"]
[Black "Pribylova, Sofie"]
[Result "1-0"]
[BlackElo "1950"]
[WhiteElo "2307"]
[LiveChessVersion "1.4.8"]

1. e4 {[%clk 0:20:19]} c5 {[%clk 0:20:18]} 2. Nf3 {[%clk 0:20:27]} d6
{[%clk 0:20:27]} 3. c4 {[%clk 0:20:34]} Nf6 {[%clk 0:19:27]} 4. Nc3
{[%clk 0:20:43]} e5 {[%clk 0:19:30]} 5. Be2 {[%clk 0:20:47]} g6 {[%clk 0:18:58]}
6. d3 {[%clk 0:20:50]} Bg7 {[%clk 0:19:06]} 7. Bg5 {[%clk 0:20:53]} O-O
{[%clk 0:17:37]} 8. Qd2 {[%clk 0:20:59]} Re8 {[%clk 0:16:33]} 9. Nd5
{[%clk 0:20:51]} Be6 {[%clk 0:16:25]} 10. h4 {[%clk 0:20:55]} Bxd5
{[%clk 0:15:17]} 11. cxd5 {[%clk 0:20:47]} h5 {[%clk 0:14:22]} 12. Nh2
{[%clk 0:20:42]} Nbd7 {[%clk 0:13:24]} 13. g4 {[%clk 0:20:47]} Qb6
{[%clk 0:12:46]} 14. gxh5 {[%clk 0:20:45]} Nxh5 {[%clk 0:10:48]} 15. Bxh5
{[%clk 0:19:31]} gxh5 {[%clk 0:10:57]} 16. Bh6 {[%clk 0:19:32]} Nf8
{[%clk 0:09:04]} 17. O-O-O {[%clk 0:19:18]} Rac8 {[%clk 0:08:26]} 18. Bxg7
{[%clk 0:18:42]} Kxg7 {[%clk 0:08:33]} 19. Kb1 {[%clk 0:17:25]} c4
{[%clk 0:08:22]} 20. dxc4 {[%clk 0:16:42]} Rxc4 {[%clk 0:08:29]} 21. Qg5+
{[%clk 0:15:50]} Ng6 {[%clk 0:08:31]} 22. Qxh5 {[%clk 0:15:46]} Rxe4
{[%clk 0:07:16]} 23. Ng4 {[%clk 0:15:41]} Rh8 {[%clk 0:06:47]} 24. Qg5
{[%clk 0:15:37]} Qb4 {[%clk 0:02:49]} 25. Ne3 {[%clk 0:15:02]} Rxe3
{[%clk 0:00:21]} 26. fxe3 {[%clk 0:14:51]} Rxh4 {[%clk 0:00:29]} 27. Rxh4
{[%clk 0:14:54]} Qxh4 {[%clk 0:00:36]} 28. Qxh4 {[%clk 0:14:16]} Nxh4
{[%clk 0:00:46]} 29. Kc2 {[%clk 0:14:21]} f5 {[%clk 0:00:49]} 30. Kd3
{[%clk 0:14:28]} Kf6 {[%clk 0:00:50]} 31. Rc1 {[%clk 0:14:31]} Ng6
{[%clk 0:00:22]} 32. Rc7 {[%clk 0:14:37]} b5 {[%clk 0:00:26]} 33. Rd7
{[%clk 0:14:39]} f4 {[%clk 0:00:28]} 34. Rxd6+ {[%clk 0:14:47]} Kg5
{[%clk 0:00:37]} 35. exf4+ {[%clk 0:14:52]} Nxf4+ {[%clk 0:00:39]} 36. Ke4
{[%clk 0:14:58]} 1-0

[Event "euyr2018"]
[Site "?"]
[Date "2018.05.26"]
[Round "5.2"]
[White "Sandor, Martin"]
[Black "Jakab, Bela"]
[Result "1-0"]
[BlackElo "1850"]
[WhiteElo "1711"]
[LiveChessVersion "1.4.8"]

1. e4 {[%clk 0:20:19]} e6 {[%clk 0:20:19]} 2. d4 {[%clk 0:20:28]} d5
{[%clk 0:20:28]} 3. exd5 {[%clk 0:20:37]} exd5 {[%clk 0:20:37]} 4. c4
{[%clk 0:20:46]} Nf6 {[%clk 0:20:42]} 5. Nc3 {[%clk 0:20:55]} Be7
{[%clk 0:20:37]} 6. Bd3 {[%clk 0:21:03]} dxc4 {[%clk 0:20:41]} 7. Bxc4
{[%clk 0:21:12]} O-O {[%clk 0:20:49]} 8. Nge2 {[%clk 0:21:21]} Nbd7
{[%clk 0:20:49]} 9. O-O {[%clk 0:21:20]} Nb6 {[%clk 0:20:58]} 10. Bb3
{[%clk 0:21:29]} c6 {[%clk 0:21:05]} 11. Re1 {[%clk 0:21:18]} Nbd5
{[%clk 0:21:03]} 12. Nxd5 {[%clk 0:21:20]} Nxd5 {[%clk 0:21:11]} 13. Nc3
{[%clk 0:21:21]} Nxc3 {[%clk 0:20:46]} 14. bxc3 {[%clk 0:21:29]} Bf6
{[%clk 0:20:48]} 15. Ba3 {[%clk 0:21:27]} Re8 {[%clk 0:20:39]} 16. Rxe8+
{[%clk 0:21:18]} Qxe8 {[%clk 0:20:48]} 17. Qe1 {[%clk 0:21:17]} Qd8
{[%clk 0:20:30]} 18. Qe4 {[%clk 0:21:08]} g6 {[%clk 0:20:29]} 19. Re1
{[%clk 0:21:12]} Bf5 {[%clk 0:20:33]} 20. Qe2 {[%clk 0:20:52]} Qd7
{[%clk 0:20:28]} 21. h3 {[%clk 0:20:37]} Qc7 {[%clk 0:20:14]} 22. Qe8+
{[%clk 0:20:42]} Kg7 {[%clk 0:19:36]} 23. Bf8+ {[%clk 0:20:48]} Kg8
{[%clk 0:19:45]} 24. Bh6+ {[%clk 0:20:54]} Rxe8 {[%clk 0:19:54]} 25. Rxe8# 1-0

[Event "euyr2018"]
[Site "?"]
[Date "2018.05.26"]
[Round "5.3"]
[White "Nehyba, Martin"]
[Black "Pniaczek, Marek"]
[Result "0-1"]
[BlackElo "1701"]
[WhiteElo "1966"]
[LiveChessVersion "1.4.8"]

1. e4 {[%clk 0:20:14]} c5 {[%clk 0:20:19]} 2. c3 {[%clk 0:20:22]} d5
{[%clk 0:20:27]} 3. exd5 {[%clk 0:20:31]} Qxd5 {[%clk 0:20:36]} 4. d4
{[%clk 0:20:40]} Nc6 {[%clk 0:20:45]} 5. Nf3 {[%clk 0:20:49]} Bf5
{[%clk 0:20:54]} 6. dxc5 {[%clk 0:20:52]} Qxd1+ {[%clk 0:20:43]} 7. Kxd1
{[%clk 0:21:01]} O-O-O+ {[%clk 0:20:42]} 8. Nbd2 {[%clk 0:20:41]} e5
{[%clk 0:20:19]} 9. b4 {[%clk 0:18:56]} f6 {[%clk 0:18:26]} 10. Bb5
{[%clk 0:18:39]} Nge7 {[%clk 0:18:05]} 11. Nh4 {[%clk 0:17:40]} Bg4+
{[%clk 0:17:47]} 12. Kc2 {[%clk 0:16:57]} g5 {[%clk 0:16:25]} 13. Nhf3
{[%clk 0:16:46]} Bf5+ {[%clk 0:16:08]} 14. Kb3 {[%clk 0:16:21]} e4
{[%clk 0:15:05]} 15. Ne1 {[%clk 0:16:30]} Ne5 {[%clk 0:12:47]} 16. Nc2
{[%clk 0:16:05]} a6 {[%clk 0:12:34]} 17. Be2 {[%clk 0:14:26]} N7c6
{[%clk 0:10:27]} 18. Ne3 {[%clk 0:12:22]} Be6+ {[%clk 0:10:21]} 19. Nec4
{[%clk 0:12:21]} f5 {[%clk 0:09:29]} 20. Kc2 {[%clk 0:10:12]} Bg7
{[%clk 0:08:59]} 21. Nd6+ {[%clk 0:07:46]} Kb8 {[%clk 0:09:02]} 22. Nb3
{[%clk 0:07:55]} h6 {[%clk 0:08:53]} 23. Rd1 {[%clk 0:07:30]} Nf7
{[%clk 0:06:57]} 24. Nxf7 {[%clk 0:03:34]} Bxf7 {[%clk 0:07:03]} 25. Bb2
{[%clk 0:03:44]} Be5 {[%clk 0:06:50]} 26. g3 {[%clk 0:03:42]} f4 {[%clk 0:06:06]}
27. a3 {[%clk 0:03:01]} Bg6 {[%clk 0:05:45]} 28. Nd4 {[%clk 0:02:06]} e3+
{[%clk 0:05:27]} 29. Bd3 {[%clk 0:02:09]} Bxd3+ {[%clk 0:03:09]} 30. Rxd3
{[%clk 0:02:14]} exf2 {[%clk 0:03:07]} 31. Rf1 {[%clk 0:01:43]} fxg3
{[%clk 0:03:06]} 32. hxg3 {[%clk 0:01:51]} Rhf8 {[%clk 0:02:45]} 33. Kd2
{[%clk 0:01:29]} h5 {[%clk 0:00:54]} 34. Kc2 {[%clk 0:00:47]} g4 {[%clk 0:00:36]}
35. Nxc6+ {[%clk 0:00:12]} bxc6 {[%clk 0:00:44]} 36. Re3 {[%clk 0:00:17]} Bc7
{[%clk 0:00:34]} 37. c4 {[%clk 0:00:19]} h4 38. Re4 {[%clk 0:00:12]} hxg3
{[%clk 0:00:35]} 39. Rxg4 {[%clk 0:00:21]} Rg8 {[%clk 0:00:41]} 40. Rxg8
{[%clk 0:00:15]} Rxg8 {[%clk 0:00:50]} 0-1

[Event "euyr2018"]
[Site "?"]
[Date "2018.05.26"]
[Round "5.4"]
[White "Viczencz, Peter"]
[Black "Antal, Jakub"]
[Result "0-1"]
[BlackElo "1568"]
[WhiteElo "1731"]
[LiveChessVersion "1.4.8"]

1. e4 {[%clk 0:20:18]} c5 {[%clk 0:20:12]} 2. Nf3 {[%clk 0:20:26]} Nc6
{[%clk 0:20:18]} 3. d4 {[%clk 0:20:35]} cxd4 {[%clk 0:20:25]} 4. Nxd4
{[%clk 0:20:43]} g6 {[%clk 0:20:34]} 5. Nc3 {[%clk 0:20:38]} Bg7 {[%clk 0:20:38]}
6. Be3 {[%clk 0:20:46]} Nf6 {[%clk 0:20:39]} 7. Bc4 {[%clk 0:20:45]} d6
{[%clk 0:18:51]} 8. f3 {[%clk 0:20:51]} Qb6 {[%clk 0:18:50]} 9. Rb1
{[%clk 0:11:07]} O-O {[%clk 0:09:23]} 10. Qd3 {[%clk 0:06:35]} Ne5
{[%clk 0:08:40]} 11. Qe2 {[%clk 0:06:43]} Nxc4 {[%clk 0:08:28]} 12. Qxc4
{[%clk 0:06:52]} Be6 {[%clk 0:07:52]} 13. Qd3 {[%clk 0:06:52]} Qb4
{[%clk 0:06:12]} 14. Nxe6 {[%clk 0:06:55]} fxe6 {[%clk 0:06:21]} 15. O-O
{[%clk 0:07:01]} Nd7 {[%clk 0:05:51]} 16. a3 {[%clk 0:06:53]} Qa5
{[%clk 0:05:29]} 17. Qc4 {[%clk 0:06:48]} Kf7 {[%clk 0:04:28]} 18. Ne2
{[%clk 0:05:45]} Rac8 {[%clk 0:03:18]} 19. Qb3 {[%clk 0:05:53]} Ne5
{[%clk 0:01:48]} 20. f4 {[%clk 0:04:25]} Nc4 {[%clk 0:01:16]} 21. Bd4
{[%clk 0:03:40]} Nd2 {[%clk 0:00:26]} 22. Qa2 {[%clk 0:03:30]} Nxf1
{[%clk 0:00:17]} 23. Rxf1 {[%clk 0:03:38]} Bxd4+ {[%clk 0:00:26]} 24. Nxd4
{[%clk 0:03:46]} Qc5 {[%clk 0:00:20]} 25. Qxe6+ {[%clk 0:03:55]} Kg7
{[%clk 0:00:16]} 26. Qxe7+ {[%clk 0:04:02]} Rf7 {[%clk 0:00:16]} 27. Qe6
{[%clk 0:03:42]} Qxd4+ {[%clk 0:00:23]} 28. Kh1 {[%clk 0:03:51]} Rxc2
{[%clk 0:00:17]} 29. f5 {[%clk 0:03:58]} Qf6 {[%clk 0:00:14]} 0-1

[Event "euyr2018"]
[Site "?"]
[Date "2018.05.26"]
[Round "5.5"]
[White "Leszko, Bence"]
[Black "Haase, Pavel"]
[Result "1/2-1/2"]
[BlackElo "1998"]
[WhiteElo "1701"]
[LiveChessVersion "1.4.8"]

1. Nf3 {[%clk 0:20:19]} Nf6 {[%clk 0:20:17]} 2. g3 {[%clk 0:20:28]} g6 3. Bg2 Bg7
{[%clk 0:20:29]} 4. O-O {[%clk 0:20:45]} O-O {[%clk 0:20:20]} 5. d4
{[%clk 0:20:54]} d5 {[%clk 0:20:17]} 6. c4 {[%clk 0:21:02]} c6 {[%clk 0:20:23]}
7. b3 {[%clk 0:21:11]} Bf5 {[%clk 0:20:21]} 8. Bb2 {[%clk 0:21:14]} Qb6
{[%clk 0:19:25]} 9. Nbd2 {[%clk 0:21:08]} Ne4 {[%clk 0:19:07]} 10. Nxe4
{[%clk 0:19:27]} Bxe4 {[%clk 0:19:04]} 11. Qd2 {[%clk 0:18:57]} Rd8
{[%clk 0:18:03]} 12. Bc3 {[%clk 0:18:25]} Qa6 {[%clk 0:17:11]} 13. cxd5
{[%clk 0:17:52]} Bxd5 {[%clk 0:13:00]} 14. Qb2 {[%clk 0:17:44]} Nd7
{[%clk 0:12:47]} 15. Rfe1 {[%clk 0:17:34]} Nf6 {[%clk 0:12:54]} 16. Bb4
{[%clk 0:16:14]} Bxf3 {[%clk 0:09:36]} 17. Bxf3 {[%clk 0:15:52]} Nd5
{[%clk 0:09:42]} 18. Bxd5 {[%clk 0:14:03]} Rxd5 {[%clk 0:09:47]} 19. Bc3
{[%clk 0:14:12]} Rad8 {[%clk 0:09:42]} 20. e4 {[%clk 0:12:53]} R5d7
{[%clk 0:09:35]} 21. d5 {[%clk 0:12:56]} e5 {[%clk 0:08:53]} 22. Rad1
{[%clk 0:12:22]} cxd5 {[%clk 0:08:58]} 23. Bxe5 {[%clk 0:11:15]} Bxe5
{[%clk 0:08:12]} 24. Qxe5 {[%clk 0:11:24]} d4 {[%clk 0:08:12]} 25. Rd2
{[%clk 0:11:10]} Qb6 {[%clk 0:06:52]} 26. Red1 Rc8 {[%clk 0:05:04]} 27. Qf4
{[%clk 0:08:55]} Rcd8 {[%clk 0:04:06]} 28. Qe5 {[%clk 0:08:16]} d3
{[%clk 0:03:12]} 29. h4 {[%clk 0:07:28]} h5 {[%clk 0:02:57]} 30. Qf4
{[%clk 0:06:29]} Qb4 {[%clk 0:01:35]} 31. Qe3 {[%clk 0:06:23]} Qd4
{[%clk 0:00:35]} 32. Qxd4 {[%clk 0:05:59]} Rxd4 {[%clk 0:00:44]} 33. f3
{[%clk 0:05:56]} f5 {[%clk 0:00:39]} 34. exf5 {[%clk 0:05:57]} gxf5
{[%clk 0:00:48]} 35. Kf2 {[%clk 0:06:06]} f4 {[%clk 0:00:37]} 36. gxf4
{[%clk 0:05:59]} Rxf4 {[%clk 0:00:43]} 37. Rxd3 Rxd3 {[%clk 0:00:51]} 38. Rxd3
{[%clk 0:06:18]} Rxh4 {[%clk 0:00:59]} 39. Rd8+ {[%clk 0:06:24]} Kf7
{[%clk 0:01:07]} 40. Rd7+ {[%clk 0:06:34]} Ke6 {[%clk 0:01:11]} 41. Rxb7
{[%clk 0:06:19]} Rh2+ {[%clk 0:01:19]} 42. Kg3 {[%clk 0:06:13]} Rxa2
{[%clk 0:01:27]} 43. Rb5 {[%clk 0:05:49]} Ra3 {[%clk 0:00:30]} 44. Kh4
{[%clk 0:05:01]} a6 {[%clk 0:00:29]} 45. Rb4 {[%clk 0:01:46]} Ra5
{[%clk 0:00:21]} 46. Rb6+ {[%clk 0:01:42]} Kf5 {[%clk 0:00:12]} 47. Rb4
{[%clk 0:01:20]} Ke6 {[%clk 0:00:16]} 48. f4 {[%clk 0:01:09]} Rb5
{[%clk 0:00:13]} 49. Ra4 {[%clk 0:00:48]} 1/2-1/2

[Event "euyr2018"]
[Site "?"]
[Date "2018.05.26"]
[Round "5.6"]
[White "Verbovsky, Michal"]
[Black "Kardis, Benjamin"]
[Result "1-0"]
[BlackElo "1688"]
[WhiteElo "1729"]
[LiveChessVersion "1.4.8"]

1. b3 {[%clk 0:20:13]} d5 {[%clk 0:20:12]} 2. Bb2 {[%clk 0:20:21]} f5
{[%clk 0:20:18]} 3. f4 {[%clk 0:20:29]} Nf6 {[%clk 0:20:27]} 4. Nf3
{[%clk 0:20:37]} e6 {[%clk 0:20:33]} 5. e3 {[%clk 0:20:41]} c6 {[%clk 0:20:39]}
6. Be2 {[%clk 0:20:01]} Bd6 {[%clk 0:20:42]} 7. Ne5 {[%clk 0:20:00]} O-O
{[%clk 0:20:44]} 8. O-O {[%clk 0:19:54]} Nbd7 {[%clk 0:20:38]} 9. d3
{[%clk 0:19:13]} Bc5 {[%clk 0:20:22]} 10. d4 {[%clk 0:19:01]} Bd6
{[%clk 0:20:15]} 11. Ba3 {[%clk 0:19:00]} Bxa3 {[%clk 0:20:14]} 12. Nxa3
{[%clk 0:19:08]} Ne4 {[%clk 0:20:20]} 13. c4 {[%clk 0:18:00]} Qh4
{[%clk 0:19:11]} 14. cxd5 {[%clk 0:17:16]} exd5 {[%clk 0:19:12]} 15. Qe1
{[%clk 0:17:04]} Qe7 {[%clk 0:17:36]} 16. Nc2 {[%clk 0:17:00]} a5
{[%clk 0:15:08]} 17. a3 {[%clk 0:16:04]} Ndf6 {[%clk 0:13:25]} 18. b4
{[%clk 0:14:29]} a4 {[%clk 0:13:10]} 19. b5 {[%clk 0:13:47]} c5 {[%clk 0:12:50]}
20. dxc5 {[%clk 0:12:12]} Qxc5 {[%clk 0:12:54]} 21. Nd4 {[%clk 0:12:15]} Qe7
{[%clk 0:11:52]} 22. Bf3 {[%clk 0:11:16]} Nd7 {[%clk 0:11:26]} 23. Bxe4
{[%clk 0:10:53]} dxe4 {[%clk 0:11:42]} 24. Nc4 {[%clk 0:09:45]} Nc5
{[%clk 0:11:09]} 25. Qb4 {[%clk 0:09:27]} Re8 {[%clk 0:10:22]} 26. Nb6
{[%clk 0:09:08]} Rb8 {[%clk 0:10:19]} 27. Rac1 {[%clk 0:09:01]} Nb3
{[%clk 0:06:04]} 28. Qxe7 {[%clk 0:09:03]} Rxe7 {[%clk 0:06:13]} 29. Nxb3
{[%clk 0:09:01]} axb3 {[%clk 0:06:17]} 30. Nxc8 {[%clk 0:09:05]} Re6
{[%clk 0:06:14]} 31. Rfd1 {[%clk 0:08:49]} h6 {[%clk 0:06:14]} 32. Rc7
{[%clk 0:08:25]} Kh7 {[%clk 0:05:50]} 33. Rb1 {[%clk 0:08:11]} Re8
{[%clk 0:05:53]} 34. Ne7 {[%clk 0:07:44]} Rbd8 {[%clk 0:05:47]} 35. Rxb3
{[%clk 0:07:40]} Rd2 {[%clk 0:05:55]} 36. Nxf5 {[%clk 0:07:31]} Kg6
{[%clk 0:06:00]} 37. Ng3 {[%clk 0:07:19]} Red8 {[%clk 0:05:59]} 38. f5+
{[%clk 0:07:26]} Kh7 {[%clk 0:05:55]} 39. Nxe4 {[%clk 0:07:14]} Re2
{[%clk 0:05:53]} 40. h3 {[%clk 0:07:06]} Rd1+ {[%clk 0:05:56]} 41. Kh2
{[%clk 0:07:13]} Ra1 {[%clk 0:06:00]} 42. Nf6+ {[%clk 0:06:56]} Kh8
{[%clk 0:06:07]} 43. Rc8# {[%clk 0:07:04]} 1-0

[Event "euyr2018"]
[Site "?"]
[Date "2018.05.26"]
[Round "5.7"]
[White "Cabala, Nathan"]
[Black "Martyniuk, Vladislav"]
[Result "1-0"]
[BlackElo "1470"]
[WhiteElo "1892"]
[LiveChessVersion "1.4.8"]

1. e4 {[%clk 0:20:06]} e6 {[%clk 0:20:19]} 2. d4 {[%clk 0:20:15]} d5
{[%clk 0:20:29]} 3. exd5 {[%clk 0:20:23]} exd5 {[%clk 0:20:38]} 4. Bd3
{[%clk 0:20:28]} Bd6 {[%clk 0:20:45]} 5. Nf3 {[%clk 0:20:37]} Ne7
{[%clk 0:20:54]} 6. c4 {[%clk 0:20:37]} c6 {[%clk 0:21:01]} 7. Nc3
{[%clk 0:20:42]} Be6 {[%clk 0:19:53]} 8. b3 {[%clk 0:20:33]} Bb4 {[%clk 0:19:30]}
9. Bd2 {[%clk 0:20:31]} Bf5 {[%clk 0:19:35]} 10. Qc2 {[%clk 0:20:25]} Bg6
{[%clk 0:19:18]} 11. a3 {[%clk 0:20:21]} Bxc3 {[%clk 0:19:17]} 12. Bxc3
{[%clk 0:20:22]} O-O {[%clk 0:19:18]} 13. O-O {[%clk 0:20:30]} Nd7
{[%clk 0:19:17]} 14. Rfe1 {[%clk 0:20:30]} Nf6 {[%clk 0:19:13]} 15. Ne5
{[%clk 0:19:19]} Bxd3 {[%clk 0:19:07]} 16. Qxd3 {[%clk 0:18:35]} Ne4
{[%clk 0:19:14]} 17. Bb4 {[%clk 0:17:32]} f6 {[%clk 0:16:15]} 18. f3
{[%clk 0:17:11]} fxe5 {[%clk 0:15:12]} 19. fxe4 {[%clk 0:17:18]} Rf4
{[%clk 0:14:15]} 20. dxe5 {[%clk 0:16:07]} Ng6 {[%clk 0:14:20]} 21. exd5
{[%clk 0:15:26]} a5 {[%clk 0:13:43]} 22. Bd2 {[%clk 0:15:02]} Rg4
{[%clk 0:12:51]} 23. h3 {[%clk 0:12:38]} Nf4 {[%clk 0:11:03]} 24. Bxf4
{[%clk 0:12:41]} Rxf4 {[%clk 0:11:12]} 25. Re4 {[%clk 0:11:41]} Rxe4
{[%clk 0:10:30]} 26. Qxe4 {[%clk 0:11:49]} Qb6+ {[%clk 0:10:39]} 27. Kh1
{[%clk 0:11:50]} Qxb3 {[%clk 0:09:51]} 28. dxc6 {[%clk 0:11:50]} bxc6
{[%clk 0:09:34]} 29. Qxc6 {[%clk 0:11:49]} Rf8 {[%clk 0:09:23]} 30. Qe6+
{[%clk 0:11:31]} Kh8 {[%clk 0:09:16]} 31. Qe7 {[%clk 0:11:34]} Rb8
{[%clk 0:09:11]} 32. Rf1 {[%clk 0:11:19]} Qxc4 {[%clk 0:08:51]} 33. Rf8+
{[%clk 0:10:29]} Rxf8 {[%clk 0:08:59]} 34. Qxf8+ {[%clk 0:10:39]} Qg8
{[%clk 0:08:55]} 35. Qd6 {[%clk 0:09:45]} Qe8 {[%clk 0:09:02]} 36. e6
{[%clk 0:09:45]} Kg8 {[%clk 0:08:41]} 37. Qe5 {[%clk 0:05:18]} a4
{[%clk 0:08:13]} 38. Qe4 {[%clk 0:03:00]} h6 39. Qd5 Kf8 {[%clk 0:07:48]} 40. Kg1
{[%clk 0:02:12]} Qe7 {[%clk 0:07:32]} 41. Qa8+ {[%clk 0:01:29]} Qe8
{[%clk 0:07:41]} 42. Qa6 {[%clk 0:01:11]} Kg8 {[%clk 0:06:42]} 43. Qd6
{[%clk 0:00:42]} g6 {[%clk 0:04:44]} 44. Kf2 {[%clk 0:00:41]} h5 45. Ke3 Kg7
{[%clk 0:04:29]} 46. Qd7+ {[%clk 0:00:50]} Kf8 {[%clk 0:04:38]} 47. Kd4
{[%clk 0:00:40]} Qxd7+ {[%clk 0:03:38]} 48. exd7 {[%clk 0:00:48]} Ke7
{[%clk 0:03:47]} 49. Ke5 {[%clk 0:00:49]} Kxd7 50. Kf6 {[%clk 0:00:58]} Kd6
{[%clk 0:04:04]} 51. Kxg6 Kc5 52. Kxh5 {[%clk 0:00:40]} Kc4 {[%clk 0:04:13]} 53.
g4 {[%clk 0:00:49]} Kb3 {[%clk 0:04:23]} 54. g5 {[%clk 0:00:58]} Kxa3
{[%clk 0:04:32]} 55. g6 {[%clk 0:01:07]} Kb2 {[%clk 0:04:40]} 56. g7
{[%clk 0:01:15]} a3 {[%clk 0:04:49]} 57. g8=Q {[%clk 0:01:24]} 1-0

[Event "euyr2018"]
[Site "?"]
[Date "2018.05.26"]
[Round "5.8"]
[White "Panko, Eduard"]
[Black "Zumrik, Marek"]
[Result "1-0"]
[BlackElo "1346"]
[WhiteElo "1776"]
[LiveChessVersion "1.4.8"]

1. e4 {[%clk 0:20:18]} e5 {[%clk 0:20:19]} 2. Nf3 {[%clk 0:20:25]} Nc6
{[%clk 0:20:27]} 3. Nc3 {[%clk 0:20:33]} Nf6 {[%clk 0:20:28]} 4. d4
{[%clk 0:20:40]} exd4 {[%clk 0:20:32]} 5. Nd5 {[%clk 0:20:47]} Nxd5
{[%clk 0:18:24]} 6. exd5 {[%clk 0:20:54]} Bb4+ {[%clk 0:18:20]} 7. Bd2
{[%clk 0:20:40]} Bxd2+ {[%clk 0:18:24]} 8. Qxd2 {[%clk 0:20:43]} Ne7
{[%clk 0:18:16]} 9. Qxd4 {[%clk 0:20:11]} O-O {[%clk 0:18:13]} 10. O-O-O
{[%clk 0:20:15]} d6 {[%clk 0:18:17]} 11. h3 {[%clk 0:19:37]} a5 {[%clk 0:18:00]}
12. Bd3 {[%clk 0:18:43]} Bf5 {[%clk 0:17:30]} 13. g4 {[%clk 0:18:09]} Bxd3
{[%clk 0:17:22]} 14. Rxd3 {[%clk 0:17:27]} b5 {[%clk 0:17:11]} 15. Nd2
{[%clk 0:16:19]} Qd7 {[%clk 0:15:48]} 16. f4 {[%clk 0:16:13]} Ng6
{[%clk 0:15:35]} 17. Nf3 {[%clk 0:13:08]} Rfe8 18. f5 {[%clk 0:13:16]} Ne5
{[%clk 0:15:35]} 19. Nxe5 {[%clk 0:12:19]} Rxe5 {[%clk 0:14:57]} 20. Rdd1
{[%clk 0:11:25]} Rae8 {[%clk 0:14:48]} 21. Qd2 {[%clk 0:09:36]} b4
{[%clk 0:12:45]} 22. f6 {[%clk 0:04:26]} Qb5 23. fxg7 Kxg7 {[%clk 0:11:10]} 24.
Rhf1 {[%clk 0:03:10]} a4 25. Qf4 {[%clk 0:01:47]} Rf8 {[%clk 0:10:42]} 26. Qd4
{[%clk 0:01:21]} Kg8 {[%clk 0:10:17]} 27. Rf5 {[%clk 0:01:06]} Rfe8 28. Qf4 b3
{[%clk 0:08:52]} 29. axb3 {[%clk 0:00:39]} axb3 30. Qg5+ {[%clk 0:00:46]} Kh8
{[%clk 0:09:03]} 31. Qf6+ {[%clk 0:00:54]} Kg8 {[%clk 0:09:11]} 32. Qxf7+
{[%clk 0:01:02]} Kh8 {[%clk 0:09:08]} 33. Rxe5 {[%clk 0:01:04]} dxe5
{[%clk 0:08:52]} 34. Qxc7 {[%clk 0:00:48]} bxc2 {[%clk 0:08:34]} 35. Qxc2
{[%clk 0:00:52]} Qb7 {[%clk 0:08:34]} 36. Kb1 {[%clk 0:00:58]} Rd8
{[%clk 0:08:41]} 37. Qe4 {[%clk 0:01:01]} Qe7 {[%clk 0:08:38]} 38. Re1
{[%clk 0:01:06]} Re8 {[%clk 0:08:39]} 39. Rd1 {[%clk 0:00:35]} Qd6
{[%clk 0:08:44]} 40. g5 {[%clk 0:00:31]} Rb8 {[%clk 0:08:22]} 41. Re1
{[%clk 0:00:38]} Re8 {[%clk 0:08:27]} 42. h4 {[%clk 0:00:46]} Kg7
{[%clk 0:08:25]} 43. h5 {[%clk 0:00:53]} Re7 {[%clk 0:08:26]} 44. h6+
{[%clk 0:00:52]} Kg8 {[%clk 0:08:19]} 45. Rc1 {[%clk 0:00:52]} Re8
{[%clk 0:08:13]} 46. Qc4 {[%clk 0:00:41]} Rd8 {[%clk 0:08:00]} 47. Qc7
{[%clk 0:00:37]} Qxc7 {[%clk 0:07:47]} 48. Rxc7 {[%clk 0:00:46]} Rxd5
{[%clk 0:07:56]} 49. Rg7+ {[%clk 0:00:46]} Kh8 {[%clk 0:07:59]} 50. Kc2
{[%clk 0:00:27]} e4 {[%clk 0:08:00]} 51. g6 {[%clk 0:00:30]} hxg6
{[%clk 0:08:05]} 52. Rxg6 {[%clk 0:00:39]} Kh7 {[%clk 0:08:00]} 53. Re6
{[%clk 0:00:48]} Rc5+ {[%clk 0:07:51]} 54. Kb3 {[%clk 0:00:54]} e3
{[%clk 0:07:53]} 55. Rxe3 {[%clk 0:01:01]} Kxh6 {[%clk 0:08:03]} 56. Rg3
{[%clk 0:01:10]} Rb5+ {[%clk 0:07:59]} 57. Kc3 {[%clk 0:01:15]} Rc5+
{[%clk 0:07:58]} 58. Kb4 {[%clk 0:01:24]} Rc8 {[%clk 0:08:07]} 59. b3
{[%clk 0:01:21]} Rb8+ {[%clk 0:08:16]} 60. Ka3 {[%clk 0:01:28]} Ra8+
{[%clk 0:08:18]} 61. Kb2 {[%clk 0:01:37]} Rb8 {[%clk 0:08:25]} 62. Rg4
{[%clk 0:01:36]} Kh5 {[%clk 0:08:34]} 63. Rg7 {[%clk 0:01:41]} Kh6
{[%clk 0:08:40]} 64. Rg1 {[%clk 0:01:45]} Rb7 {[%clk 0:08:44]} 65. Rg3
{[%clk 0:01:46]} Kh5 {[%clk 0:08:50]} 66. Ka3 {[%clk 0:01:49]} Kh4
{[%clk 0:08:55]} 67. Rg6 {[%clk 0:01:45]} Kh5 {[%clk 0:08:56]} 68. Rd6
{[%clk 0:01:14]} Kg5 {[%clk 0:08:52]} 69. Ka4 {[%clk 0:01:16]} Kf5
{[%clk 0:08:50]} 70. b4 {[%clk 0:01:26]} Ke5 {[%clk 0:08:59]} 71. Rd8
{[%clk 0:01:24]} Ra7+ {[%clk 0:09:06]} 72. Kb5 {[%clk 0:01:31]} Ke6
{[%clk 0:09:09]} 73. Kb6 {[%clk 0:01:38]} Ra1 {[%clk 0:09:13]} 74. b5
{[%clk 0:01:39]} Ke7 {[%clk 0:09:10]} 75. Rd2 {[%clk 0:01:35]} Rb1
{[%clk 0:09:11]} 76. Ka6 {[%clk 0:01:40]} Ra1+ {[%clk 0:09:20]} 77. Kb7
{[%clk 0:01:49]} Rb1 {[%clk 0:09:23]} 78. b6 {[%clk 0:01:57]} Rb3
{[%clk 0:09:28]} 79. Ka7 {[%clk 0:02:01]} Ra3+ {[%clk 0:09:33]} 80. Kb8
{[%clk 0:02:10]} Rb3 {[%clk 0:09:42]} 81. b7 {[%clk 0:02:12]} Rb1
{[%clk 0:09:51]} 82. Rd5 {[%clk 0:02:06]} Rb2 {[%clk 0:09:33]} 83. Ka7
{[%clk 0:02:06]} 1-0